World Cup 2018 Fifa Confederation Codes - Statistics

General Stats
  • This quiz has been taken 108 times
  • The average score is 27 of 32
Answer Stats
Hint Answer % Correct
Russia Rus
99%
Argentina Arg
98%
Australia Aus
97%
Belgium Bel
97%
Brazil Bra
97%
Columbia Col
97%
Croatia Cro
94%
England Eng
94%
France Fra
94%
Germany Ger
94%
Egypt Egy
93%
Denmark Den
92%
Mexico Mex
90%
Panama Pan
90%
Sweden Swe
90%
Peru Per
89%
Poland Pol
89%
Portugal Por
89%
Senegal Sen
89%
Tunisia Tun
89%
Urugay Uru
89%
Iran Irn
83%
Japan Jpn
83%
Spain Esp
78%
Serbia Srb
74%
Costa Rica Crc
66%
South Korea Kor
66%
Nigeria Nga
65%
Iceland Isl
63%
Switzerland Sui
61%
Morocco Mar
55%
Saudi Arabia Ksa
52%
No matching quizzes found
Score Distribution
Percent of People with Each Score
Percentile by Number Answered
Your Score History
You have not taken this quiz